<?xml version="1.0" encoding="UTF-8"?><?xml-stylesheet type="text/xsl" href="static/style.xsl"?><OAI-PMH xmlns="http://www.openarchives.org/OAI/2.0/" xmlns:xsi="http://www.w3.org/2001/XMLSchema-instance" xsi:schemaLocation="http://www.openarchives.org/OAI/2.0/ http://www.openarchives.org/OAI/2.0/OAI-PMH.xsd"><responseDate>2026-04-17T05:43:32Z</responseDate><request verb="GetRecord" identifier="oai:www.recercat.cat:2117/185743" metadataPrefix="marc">https://recercat.cat/oai/request</request><GetRecord><record><header><identifier>oai:recercat.cat:2117/185743</identifier><datestamp>2025-07-22T23:01:57Z</datestamp><setSpec>com_2072_1033</setSpec><setSpec>col_2072_452951</setSpec></header><metadata><record xmlns="http://www.loc.gov/MARC21/slim" xmlns:dcterms="http://purl.org/dc/terms/" xmlns:xsi="http://www.w3.org/2001/XMLSchema-instance" xmlns:doc="http://www.lyncode.com/xoai" xsi:schemaLocation="http://www.loc.gov/MARC21/slim http://www.loc.gov/standards/marcxml/schema/MARC21slim.xsd">
   <leader>00925njm 22002777a 4500</leader>
   <datafield ind2=" " ind1=" " tag="042">
      <subfield code="a">dc</subfield>
   </datafield>
   <datafield ind2=" " ind1=" " tag="720">
      <subfield code="a">Bellot Gayán, Oriol</subfield>
      <subfield code="e">author</subfield>
   </datafield>
   <datafield ind2=" " ind1=" " tag="260">
      <subfield code="c">2019-09-30</subfield>
   </datafield>
   <datafield ind2=" " ind1=" " tag="520">
      <subfield code="a">Aquest document és la memòria del Treball de Fi de Grau d’Enginyeria en Tecnologies Industrials, realitzat&#xd;
a l’Escola Superior d’Enginyeries Industrial, Aeroespacial i Audiovisual de Terrassa.&#xd;
En aquest treball s’ha desenvolupat l’adaptació de contenidors marítims per construir un centre d’acollida&#xd;
per refugiats menors d’edat. Concretament per a menors d’edat no acompanyats, coneguts com a MENA.&#xd;
Sabent les necessitats d’aquests menors, s’han definit uns mòduls a desenvolupar i les necessitats del&#xd;
terreny on s’instal·larà el camp.&#xd;
Seguidament s’han estudiat les modificacions que s’han de fer perquè aquests contenidors siguin&#xd;
habitables i tinguin el confort necessari. També s’ha explicat la distribució interior de cada un dels mòduls.&#xd;
Finalment s’han donat les característiques de les instal·lacions necessàries.</subfield>
   </datafield>
   <datafield tag="653" ind2=" " ind1=" ">
      <subfield code="a">Àrees temàtiques de la UPC::Edificació::Elements constructius d'edificis::Elements estructurals d'edificis</subfield>
   </datafield>
   <datafield tag="653" ind2=" " ind1=" ">
      <subfield code="a">Unitized cargo systems</subfield>
   </datafield>
   <datafield tag="653" ind2=" " ind1=" ">
      <subfield code="a">Refugees</subfield>
   </datafield>
   <datafield tag="653" ind2=" " ind1=" ">
      <subfield code="a">Humanitarian assistance</subfield>
   </datafield>
   <datafield tag="653" ind2=" " ind1=" ">
      <subfield code="a">Habilitació de contenidors</subfield>
   </datafield>
   <datafield tag="653" ind2=" " ind1=" ">
      <subfield code="a">Centre d'acollida</subfield>
   </datafield>
   <datafield tag="653" ind2=" " ind1=" ">
      <subfield code="a">Contenidors</subfield>
   </datafield>
   <datafield tag="653" ind2=" " ind1=" ">
      <subfield code="a">Refugiats</subfield>
   </datafield>
   <datafield tag="653" ind2=" " ind1=" ">
      <subfield code="a">Ajuda humanitària</subfield>
   </datafield>
   <datafield ind2="0" ind1="0" tag="245">
      <subfield code="a">Estudi de la modificació de contenidors per a usos diversos, per la acollida de refugiats.</subfield>
   </datafield>
</record></metadata></record></GetRecord></OAI-PMH>